[Event "Al Mahmud Memorial Probashi Chess-ch 202"]
[Site "Dhaka"]
[Date "2022.02.09"]
[Round "5.8"]
[White "Md., Sharif Hossain"]
[Black "Masum, Hossain"]
[Result "1-0"]
[WhiteElo "2211"]
[BlackElo "2003"]
[Annotator "TA"]
[PlyCount "55"]
[EventDate "2022.02.06"]
[EventCountry "BAN"]
[SourceTitle "playchess.com"]
[Source "ChessBase"]
[SourceQuality "1"]

{[%evp 14,55,24,24,27,21,33,32,26,-4,53,9,68,57,76,67,67,67,67,58,67,67,120,115,183,179,180,174,201,129,156,149,246,239,239,236,253,247,341,337,472,524,1138,1144]} 1. e4 c5 2. Nf3 d6 3. d4 cxd4 4. Nxd4 Nf6 5. Nc3 e6 6. Bd3 Nc6 7. Be3 a6 8. O-O Be7 {B80: Sicilian Scheveningen: 6 g3 and 6 Be3, including English Attack.} 9. f4 e5 10. Nxc6 bxc6 {White is slightly better.} 11. fxe5 dxe5 (11... Ng4 $11 12. Qe1 Nxe5) 12. Qf3 {[#]} (12. Na4 $14 {might be stronger.}) 12... Rb8 $146 (12... Qa5 $11) ({Predecessor:} 12... O-O 13. Na4 Be6 14. b3 Nd7 15. Rad1 Bg5 16. Rd2 Bxe3+ 17. Qxe3 Qa5 18. Be2 Nf6 {1-0 (38) Radulski,J (2572)-Pantelic,S (2334) Kraljevo 2011}) 13. Na4 Qa5 14. b3 O-O 15. h3 Be6 16. Qf2 Nd7 17. Kh1 f6 (17... Rfd8 $14) 18. Qe2 Rb5 19. Bc4 $18 ({Don't do} 19. Bxb5 $6 cxb5 20. Nb2 Qc3 $16) 19... Bf7 20. Rad1 {[%cal Ba1d1,Bd1d5,Bd5d2][%mdl 32]} Qc7 21. Bxb5 cxb5 22. Nc3 Rc8 (22... Qxc3 $16 23. Rxd7 Re8) 23. Nd5 Bxd5 24. Rxd5 Nf8 25. Qg4 h5 26. Qxh5 Qxc2 (26... Qc6 {was necessary.} 27. c3 Qe6) 27. Qg4 {aiming for Bh6.} Rc3 {[#]} 28. Rd2 $1 {Weighted Error Value: White=0.09 (flawless) /Black=0.41} 1-0

[Event "Al Mahmud Memorial Probashi Chess-ch 202"]
[Site "Dhaka"]
[Date "2022.02.09"]
[Round "5.9"]
[White "Mukitul, Islam Ripon"]
[Black "Anata, Choudhury"]
[Result "0-1"]
[WhiteElo "1983"]
[BlackElo "2170"]
[Annotator "TA"]
[PlyCount "114"]
[EventDate "2022.02.06"]
[EventCountry "BAN"]
[SourceTitle "playchess.com"]
[Source "ChessBase"]
[SourceQuality "1"]

{[%evp 23,114,-8,-7,0,0,0,0,0,10,-12,0,-52,-47,-45,-42,-45,-42,-51,-25,-37,-14,-31,-37,-47,-41,-44,-33,-32,-38,-43,-39,-37,-37,-49,-24,-41,0,-36,-24,-62,-29,-79,-83,-180,-182,-181,-182,-247,-143,-345,-352,-394,-393,-387,-368,-361,-354,-375,-370,-602,-584,-631,-617,-583,-584,-721,-721,-709,-708,-680,-609,-606,-586,-743,-720,-1031,-1019,-989,-939,-913,-852,-978,-973,-970,-935,-865,-847,-29980,-29981,-29981,-29982,-29983,-29983]} 1. e4 c5 2. Nf3 d6 3. d4 cxd4 4. Nxd4 Nf6 5. Nc3 a6 6. Be2 e5 7. Nb3 Be7 8. Be3 Be6 9. O-O O-O 10. f4 exf4 11. Bxf4 {11.Rxf4 is vanishing.} Nc6 12. Kh1 d5 13. e5 {B92: Sicilian Najdorf: 6 Be2.} Nd7 {is the legacy move (13...Ne4).} 14. Nxd5 Ndxe5 15. c4 {The position is equal.} Bg5 {[#]} 16. Bg3 $146 ({Predecessor:} 16. Nc5 Bxf4 17. Nxe6 fxe6 18. Nxf4 Qxd1 19. Raxd1 Rf6 20. Kg1 Raf8 21. Nh5 Rxf1+ 22. Bxf1 {½-½ (39) Psakhis,L (2570)-Gurevich,I (2510) New York 1992}) 16... b5 17. cxb5 axb5 $15 ({But not} 17... Qxd5 18. bxc6 Qxd1 19. Rfxd1 (19. Raxd1 Nxc6 20. Bf3 Rac8 $14) 19... Nxc6 20. Nc5 $14) 18. Nc3 b4 (18... Qxd1 {is more complex.} 19. Rfxd1 b4 20. Ne4 Be3 21. Nec5 Bc4) 19. Ne4 Qxd1 20. Rfxd1 {[#]} Rxa2 $1 21. Rxa2 Bxb3 22. Nxg5 Bxa2 23. Bb5 Bb3 24. Rd6 Rc8 25. h3 f6 26. Ne4 Bc4 27. Ba4 Bf7 28. Be1 Kf8 29. Bf2 Kg8 (29... Ne7 $15) 30. Kh2 h6 31. Bb5 Ne7 32. Rd4 (32. Nc5 $11 {keeps the balance.}) 32... Rc2 $17 {...b3 is the strong threat.} 33. Rd8+ (33. Rxb4 $17 {was necessary.} N7c6 34. Bxc6 Nxc6 35. Rb6) 33... Kh7 $19 {White must now prevent ...Bd5.} 34. Rd2 {[#]} b3 35. Be1 (35. Ba4 $142 f5 36. Rxc2 bxc2 37. Bxc2 fxe4 38. Bc5) 35... Nf5 (35... Nd5 $19 {Strongly threatening ...Nb6.} 36. Kg3 Nb6) 36. Rf2 $2 {This costs White the game.} (36. Bf2 $17 {is the only way for White.}) 36... Nd4 {Pair of Knights!} 37. Bf1 {[#]} Ndf3+ $1 {[%mdl 512]} 38. gxf3 Nxf3+ 39. Kg3 Nxe1 40. Nd6 Bg6 41. Nc4 $2 (41. Nb5 h5 42. h4) 41... Nd3 42. Bxd3 Bxd3 {[%mdl 4096] Endgame KRB-KRN} 43. Na5 Bc4 {And now ...Bd5 would win.} 44. Nxc4 Rxc4 {KR-KR} 45. Rf3 Rb4 46. Kf2 Kg6 47. Rg3+ Kf7 48. Ke2 g5 49. Kd3 f5 {[%cal Bf6f5,Bf5f4,Bf4f3,Bf3f2][%mdl 32]} 50. Kc3 Rb6 51. Rd3 Kf6 52. Rd8 f4 53. Kd4 Ke7 54. Rh8 Rf6 {( -> ...f3)} 55. Rb8 f3 {Black mates.} 56. Rb7+ Kf8 57. Ra7 f2 {Weighted Error Value: White=0.41/Black=0.08 (flawless)} 0-1

[Event "Al Mahmud Memorial Probashi Chess-ch 202"]
[Site "Dhaka"]
[Date "2022.02.09"]
[Round "5.10"]
[White "abzid, Rahman"]
[Black "Ahmed, Walijah"]
[Result "1-0"]
[WhiteElo "2106"]
[BlackElo "1953"]
[Annotator "TA"]
[PlyCount "147"]
[EventDate "2022.02.06"]
[EventCountry "BAN"]
[SourceTitle "playchess.com"]
[Source "ChessBase"]
[SourceQuality "1"]

{[%evp 12,147,0,-4,-10,-25,18,-34,0,2,16,0,0,11,77,73,88,0,67,25,45,17,16,10,38,28,31,37,29,39,57,56,57,56,51,51,55,56,58,57,74,13,16,3,41,45,28,12,96,93,166,160,158,125,147,118,116,104,81,98,110,72,148,119,179,161,191,196,241,166,255,248,256,251,315,238,216,181,222,152,138,152,149,142,134,131,287,263,316,327,403,345,529,535,575,550,531,549,536,495,496,429,413,305,522,422,516,490,482,467,742,705,772,458,870,860,799,686,1385,1165,29980,29981,29981,29982,29982,29983,29983,29984,29984,29983,29988,29989,29989,29990,29990,29991,29991,29992]} 1. d4 d5 2. c4 c6 3. Nc3 Nf6 4. Nf3 e6 5. Bg5 dxc4 6. e4 b5 7. Be2 Be7 {The main line 7...Be7 scores better than 7...h6. D44: Semi-Slav: Botvinnik System.} 8. O-O h6 (8... O-O {should be considered.}) 9. Bh4 (9. Bxf6 $11 gxf6 10. a4) 9... Nxe4 {Black is slightly better.} 10. Nxe4 Bxh4 11. Nxh4 Qxh4 12. Nd6+ {[#]} Kf8 $146 (12... Ke7 $11 13. Nxb5 cxb5) ({Predecessor:} 12... Kd7 13. Nxf7 Rf8 14. Ne5+ Kc7 15. Ng6 Qf6 16. Nxf8 Qxf8 17. Qd2 Nd7 18. a4 Bb7 {1-0 (73) Kucuksari,K (2369)-Sviridova,V (2144) Chess.com INT 2021}) 13. Bh5 $16 g6 {[#]} 14. Bf3 (14. Qf3 $1 $16 {[%csl Gd6][%cal Rf3f7]} Ke7 15. Qa3 (15. Nxf7 Qxh5 16. Qxh5 gxh5 $11) 15... Qxh5 16. Nf5+ (16. Nxc8+ Kf6 $14) 16... Kf6 17. Qe7+ Kxf5 18. Qxf7+ Ke4 19. Rae1+ Kd5 20. Qe7) 14... Qe7 {[#]} 15. Nxb5 $1 {White is much more active.} Bb7 (15... Kg7 16. Qe2) 16. Nc3 {[%cal Bb5c3,Bc3e4,Be4d6][%mdl 32]} Nd7 17. Qe2 Rd8 18. Qxc4 (18. Rfd1 {looks sharper.} Kg7 19. Qxc4 e5 20. Re1 Nb6 21. Qc5) 18... Nb6 {To avoid Qa4} 19. Qc5 Qxc5 20. dxc5 Nd5 21. Ne4 Ba6 22. Rfd1 Rb8 23. b3 Ke7 24. Nd6 {To avoid Rb5} h5 25. Rd4 {aiming for Ra4.} (25. g3 {is more complex.} h4 26. Rd4 Rb4 27. Rd2 f5 28. Rb1) 25... Rb4 26. Rxb4 (26. Rd2 $16) 26... Nxb4 $11 27. a3 Nd3 (27... Nc2 $5 {[%cal Rc2a1]} 28. Rd1 Rb8 $11) 28. b4 Ne5 29. Bd1 Rb8 {[#]} (29... g5 $11) 30. f4 $1 $36 {[%mdl 2048] White is in control.} Nd7 (30... Nd3 $16) 31. Bf3 $18 Bb5 32. Nxb5 cxb5 $16 {[%mdl 4096] Endgame KRB-KRN} 33. Bc6 a6 34. Bxd7 (34. Kf2 {is interesting.} Rd8 35. Bb7 Nb8 36. Ke3 Kd7 37. Rd1+) 34... Kxd7 {KR-KR} 35. Rd1+ Kc7 {[%cal Oa6a5]} 36. Rd6 Ra8 (36... a5 $142) 37. Rb6 Ra7 (37... h4 $16) 38. Kf2 $18 Kd7 39. Ke3 Ke7 (39... h4 $142 40. Kd4 Kc8) 40. Kd4 Kd7 (40... h4 $142 41. Ke5 Rd7) 41. g3 Ke7 42. Kc3 Kf6 43. c6 Ra8 44. Kb3 Ke7 (44... h4 {is a better defense.} 45. a4 (45. gxh4 Ke7 $16) 45... Ke7) 45. Rb7+ Kd6 46. Rxf7 Kxc6 47. Rf6 {[%csl LRe6,LRg6]} Kd5 48. Rxg6 {Hoping for Rg5+.} Rh8 $2 {A mistake that costs the game.} (48... h4 $16 49. Kb2 (49. gxh4 Rf8 $16) 49... Rh8) 49. Rg5+ Kd6 50. h4 Kc6 51. a4 {[%cal Ba3a4,Ba4a5][%mdl 32]} Rd8 (51... Kb6 $142 52. axb5 axb5) 52. Rc5+ Kb6 53. a5+ Kb7 54. Kc3 {To avoid Rd3+} Rg8 55. Rg5 Rc8+ 56. Kb3 Rd8 57. Rg7+ Kb8 $2 (57... Kc6 58. Ra7 Rd3+ 59. Kc2 Rxg3) 58. Rg6 Rd3+ 59. Kc2 Re3 60. Kd2 Rb3 (60... Re4 $142 61. Kd3 Re1) 61. Rxe6 Kb7 62. Re7+ Kb8 (62... Kc6 $142 63. Re6+ Kd5 64. Rxa6 Rxg3) 63. f5 {[%cal Bf4f5,Bf5f6,Bf6f7][%mdl 32] White wants to mate with f6.} Rf3 64. Re6 Kb7 65. Rb6+ Ka7 66. f6 {White mates.} Rxg3 67. Ke2 Rg4 68. Kf3 Rg1 69. Kf4 Rb1 70. Kg5 Rxb4 71. f7 Rg4+ 72. Kf5 Rg1 73. Rf6 Rf1+ 74. Kg5 {Weighted Error Value: White=0.19 (very precise) /Black=0.38} 1-0

[Event "Al Mahmud Memorial Probashi Chess-ch 202"]
[Site "Dhaka"]
[Date "2022.02.10"]
[Round "6.1"]
[White "Rahman, Ziaur"]
[Black "Ikramul, Haq Siam"]
[Result "1-0"]
[WhiteElo "2417"]
[BlackElo "2075"]
[Annotator "TA"]
[PlyCount "95"]
[EventDate "2022.02.06"]
[EventCountry "BAN"]
[SourceTitle "playchess.com"]
[Source "ChessBase"]
[SourceQuality "1"]

{[%evp 18,95,10,11,5,-13,-12,-17,-16,-18,-4,-20,-6,-57,-16,-25,-21,-23,8,10,31,23,33,22,129,135,196,100,100,96,150,130,130,130,232,229,252,233,237,242,364,355,366,324,330,336,298,290,423,433,393,239,539,535,700,556,688,691,1067,1058,951,946,1003,989,916,876,822,823,789,767,1252,1125,29979,29980,29985,29986,29993,1836,12837,2135]} 1. c4 c6 2. Nf3 d5 3. e3 Nf6 4. Nc3 e6 5. d4 Nbd7 6. Be2 Bd6 7. O-O O-O 8. b3 b6 9. Bb2 Bb7 10. Rc1 Qe7 {10...Qe7 scores better than 10...Rc8. D45: Semi-Slav: 5 e3.} 11. Re1 Ne4 {[#]} 12. Bf1 $146 ({Predecessor:} 12. Nxe4 dxe4 13. Ne5 Nxe5 14. dxe5 Bb4 15. Rf1 Rad8 16. Qc2 Rd2 17. Qxe4 Rxe2 18. Rc2 {0-1 (28) Analiev,D (1588)-Kotzev,M (2394) ICCF email 2020}) 12... f5 {The position is equal.} 13. g3 g5 14. Bg2 g4 15. Nd2 (15. Nxe4 $11 dxe4 16. Nd2) 15... Ndf6 (15... Nxc3 $15 {deserves consideration.} 16. Bxc3 h5) 16. Ne2 Bb4 17. Nxe4 Nxe4 18. Rf1 Rf6 19. Nf4 Rh6 20. c5 Ba5 ({Resist} 20... Ba6 21. a3 $16) (20... bxc5 $11 21. dxc5 Nf6) 21. Bxe4 $16 dxe4 {[#]} (21... fxe4 $16 22. Qxg4+ Kh8) 22. Bc3 (22. d5 $1 $18 {[%cal Rd5d6]}) 22... Bxc3 23. Rxc3 Rd8 (23... b5 $142) 24. Qe2 b5 25. b4 a5 (25... a6 $16 26. a4 bxa4) 26. bxa5 $18 Ra8 27. Qb2 Rf6 28. a4 Rxa5 (28... bxa4 {was necessary.} 29. Ra1 Rxa5) 29. axb5 Rxb5 30. Qa2 Bc8 31. Ra3 Bd7 32. Ra7 {And now Rb1 would win.} Rf8 (32... Qe8 $142 33. Rb1 Rxb1+ 34. Qxb1 Rf7) 33. Rb1 Rxb1+ 34. Qxb1 Kg7 $2 (34... Rd8 35. Qb6 Kf7) 35. Qb7 Rf7 36. Qb8 Kh6 37. Qe5 Kg5 38. h4+ gxh3 39. Nxh3+ Kg6 40. Nf4+ Kg5 41. Kg2 Qf6 42. Qd6 Qe7 43. Qb8 Kh6 44. Ra1 {Qg8 would kill now.} Rf8 {Inhibits Qg8.} 45. Qe5 Rf6 46. Rh1+ Kg5 47. d5 (47. Rh5+ $142 Kg4 48. d5 Rh6 {[#]} 49. Nxe6 $1 Bxe6 50. Rxh6 Qg5 51. Qf4+ Qxf4 52. exf4 cxd5 53. Rh4#) 47... Be8 48. Nxe6+ {Weighted Error Value: White=0.14 (very precise) /Black=0.65} 1-0

[Event "Al Mahmud Memorial Probashi Chess-ch 202"]
[Site "Dhaka"]
[Date "2022.02.10"]
[Round "6.2"]
[White "Abu Sufian, Shakil"]
[Black "Nayem, Haque"]
[Result "0-1"]
[WhiteElo "2232"]
[BlackElo "2150"]
[Annotator "TA"]
[PlyCount "72"]
[EventDate "2022.02.06"]
[EventCountry "BAN"]
[SourceTitle "playchess.com"]
[Source "ChessBase"]
[SourceQuality "1"]

{[%evp 22,72,19,22,19,22,11,21,11,-14,0,-12,-17,-12,38,39,53,40,97,68,79,-20,-22,-219,-216,-203,-214,-211,-206,-187,-194,-213,-195,-193,-184,-177,-181,-185,-163,-292,-246,-273,-59,-466,-407,-388,-383,-822,-854,-724,-702,-683,-663]} 1. e4 e5 2. Nf3 Nc6 3. Bb5 a6 4. Ba4 Nf6 5. O-O b5 6. Bb3 Be7 7. Re1 O-O 8. h3 Bb7 9. d3 d5 10. exd5 Nxd5 11. Nxe5 Nxe5 $1 {[%mdl 4] is currently scoring better than 11...Nd4.} 12. Rxe5 Qd6 {C88: Closed Ruy Lopez: Anti-Marshall Systems.} 13. Re1 Rae8 14. Nd2 c5 {The position is equal.} 15. Nf3 {[#]} Bf6 $146 ({Predecessor:} 15... Bd8 16. Rxe8 Rxe8 17. Bg5 Bc7 18. Bh4 Qg6 19. Bxd5 Bxd5 20. c4 Bc6 21. cxb5 axb5 {0-1 (47) Yu,Y (2656)-Tomashevsky,E (2733) St Petersburg 2012}) 16. c3 Bd8 17. d4 Rxe1+ (17... c4 $1 $11 18. Bc2 Bc7) 18. Qxe1 $14 cxd4 19. cxd4 Nb4 (19... Bc7 $14) 20. Ne5 {Strongly threatening Nxf7.} Bc7 {[%cal Ob4d3] [#]} 21. Be3 (21. g3 $1 $16 {Black must now prevent Nxf7.} Qxd4 22. Nxf7) 21... Nd3 $11 22. Bxf7+ $2 {Black converts the advantage convincingly.} (22. Qd2 $11 {and White has nothing to worry.} Nxe5 23. dxe5 Qxe5 24. f4) 22... Rxf7 $19 23. Nxd3 Qh2+ $40 {[%mdl 128] Black has strong attack.} 24. Kf1 Qxg2+ ({Worse is} 24... Bxg2+ 25. Ke2) 25. Ke2 Qxh3 26. Rc1 Qh5+ 27. Kd2 Qd5 28. b3 Ba5+ {This bishop pair is nice.} 29. b4 Bb6 ({Don't play} 29... Qxa2+ 30. Rc2 Qb3 31. bxa5 $16) 30. Nc5 (30. a3 $142) 30... Qxa2+ 31. Rc2 Qa3 {[#]} ({Black should try} 31... Bxc5 $19 32. Rxa2 Bxb4+ 33. Ke2 Bxe1 34. Kxe1 h5) 32. Ke2 $2 {[%mdl 8192]} (32. Qb1 $1 $15 Bxc5 33. Rxc5) 32... Bf3+ 33. Kf1 Bxc5 34. Rxc5 $2 (34. Rc3 Qxb4 35. Rxc5) 34... Qd3+ {Black is clearly winning.} 35. Kg1 Qg6+ 36. Rg5 Qh6 {Weighted Error Value: White=0.84/Black=0.26 (precise)} 0-1

[Event "Al Mahmud Memorial Probashi Chess-ch 202"]
[Site "Dhaka"]
[Date "2022.02.10"]
[Round "6.3"]
[White "abzid, Rahman"]
[Black "Mollah Abdullah, Al Rakib"]
[Result "1-0"]
[WhiteElo "2106"]
[BlackElo "2426"]
[Annotator "TA"]
[PlyCount "55"]
[EventDate "2022.02.06"]
[EventCountry "BAN"]
[SourceTitle "playchess.com"]
[Source "ChessBase"]
[SourceQuality "1"]

{[%evp 9,55,-4,0,-5,0,0,0,0,0,0,0,0,0,0,5,3,128,117,412,412,412,0,412,401,402,398,387,371,376,313,506,508,506,495,513,497,508,510,505,464,477,470,456,472,540,499,597,578]} 1. d4 d6 2. Nf3 g6 3. Bf4 Bg7 4. e3 Nd7 {[#]} 5. Bg5 $146 ({Predecessor:} 5. h3 e5 6. Bh2 Nh6 7. Be2 O-O 8. O-O Qe7 9. Re1 f5 10. c4 Nf7 11. Nc3 c6 12. Rc1 e4 13. Nd2 Nf6 14. b4 {0-1 (33) Pakleza,Z (2498)-Xiong,J (2686) Chess.com INT 2022}) 5... Ngf6 6. Be2 {A41: 1 d4 d6: Tartakower System and Modern Defence.} h6 7. Bh4 g5 8. Bg3 {The position is equal.} Ne4 9. Nbd2 Nxg3 10. hxg3 b6 11. c3 Bb7 12. Qc2 {[%cal Of3g5]} c5 {[#]} (12... e6 $11) 13. Nxg5 $1 $16 {[%cal Og5e6][%mdl 512] Strongly threatening Ne6! White is more active. Black is on the road to losing.} Bxg2 $2 {[%mdl 8192] [#]} (13... Nf6 $16) (13... e6 14. Ngf3) 14. Ne6 $1 $18 {[%mdl 512]} fxe6 15. Bh5+ Kf8 {[#]} 16. Qg6 $1 {[%csl Gh5][%cal Rg6f7][%mdl 512]} Qe8 {[#] To avoid Qf7+} 17. Qxe6 Bxh1 18. Bxe8 {Really sharp!} Kxe8 19. f3 ({Don't take} 19. Qg4 Nf6 20. Qxg7 Kd7 $18) 19... h5 $2 (19... Kd8 {is a better defense.} 20. Kf2 Bxf3) 20. Ke2 {White is clearly winning.} Bg2 21. Rg1 cxd4 22. exd4 Bxf3+ 23. Nxf3 {[%cal Bd2f3,Bf3h4,Bh4f5][%mdl 32]} Bf6 24. Nh4 Nf8 25. Qd5 Rd8 26. Rf1 Rh7 27. Kd3 Rd7 28. Nf5 {Weighted Error Value: White=0.06 (flawless) /Black=0.54} 1-0

[Event "Al Mahmud Memorial Probashi Chess-ch 202"]
[Site "Dhaka"]
[Date "2022.02.10"]
[Round "6.4"]
[White "Sadnan Hasan, Dihan"]
[Black "Zia, Tahsin Tajwar"]
[Result "1/2-1/2"]
[WhiteElo "2152"]
[BlackElo "2283"]
[Annotator "ChessBase"]
[PlyCount "50"]
[EventDate "2022.02.06"]
[EventCountry "BAN"]
[SourceTitle "playchess.com"]
[Source "ChessBase"]
[SourceQuality "1"]
[TimeControl "5400+30"]

1. a3 {[%emt 0:00:09]} Nf6 {[%emt 0:01:37]} 2. Nf3 {[%emt 0:01:04]} d5 {[%emt 0:01:02]} 3. d4 {[%emt 0:00:07]} e6 {[%emt 0:02:33]} 4. e3 {[%emt 0:01:14]} Bd6 {[%emt 0:00:34]} 5. Nbd2 {[%emt 0:00:27]} b6 {[%emt 0:02:01]} 6. c4 {[%emt 0:04:29]} O-O {[%emt 0:01:50]} 7. Qc2 {[%emt 0:00:28]} Nbd7 {[%emt 0:03:39]} 8. Bd3 {[%emt 0:04:54]} Bb7 {[%emt 0:02:38]} 9. b3 {[%emt 0:06:01]} Qe7 {[%emt 0:04:45]} 10. Bb2 {[%emt 0:01:42]} Rfe8 {[%emt 0:04:20]} 11. O-O {[%emt 0:14:41]} e5 {[%emt 0:12:27]} 12. c5 {[%emt 0:00:55]} e4 {[%emt 0:17:07]} 13. cxd6 {[%emt 0:00:17]} cxd6 {[%emt 0:03:06]} 14. Be2 {[%emt 0:05:21]} Rac8 {[%emt 0:00:17]} 15. Qb1 {[%emt 0:00:12]} exf3 {[%emt 0:00:12]} 16. gxf3 {[%emt 0:00:09]} Nh5 {[%emt 0:03:04]} 17. Bd3 {[%emt 0:07:44]} g6 {[%emt 0:01:28]} 18. a4 {[%emt 0:04:40]} a6 {[%emt 0:08:07]} 19. Rc1 {[%emt 0:03:13]} Nf8 {[%emt 0:01:48]} 20. Kh1 {[%emt 0:05:46]} Ne6 {[%emt 0:07:21]} 21. Rg1 {[%emt 0:06:52]} Neg7 {[%emt 0:04:04]} 22. Qf1 {[%emt 0:00:34]} Ra8 {[%emt 0:00:55]} 23. Rc1 {[%emt 0:00:29]} Rec8 {[%emt 0:01:18]} 24. Ba3 {[%emt 0:00:47]} f5 {[%emt 0:07:06]} 25. Qg2 {[%emt 0:03:11]} Kf7 {[%emt 0:02:50]} 1/2-1/2

[Event "Al Mahmud Memorial Probashi Chess-ch 202"]
[Site "Dhaka"]
[Date "2022.02.10"]
[Round "6.5"]
[White "Arpan, Das (Jr)"]
[Black "Mehdi Hasan Parag"]
[Result "1-0"]
[WhiteElo "2155"]
[BlackElo "2258"]
[Annotator "TA"]
[PlyCount "127"]
[EventDate "2022.02.06"]
[EventCountry "BAN"]
[SourceTitle "playchess.com"]
[Source "ChessBase"]
[SourceQuality "1"]

{[%evp 25,127,11,14,23,48,35,54,39,54,61,62,58,91,50,153,145,157,154,140,134,155,133,134,125,129,86,89,77,88,91,115,103,116,120,112,74,82,63,106,91,87,60,130,124,153,159,159,154,159,159,178,141,164,172,221,237,217,142,253,266,255,271,257,251,283,123,158,120,123,120,352,362,335,320,445,441,445,451,446,439,4137,4137,29951,29949,29964,29966,29968,29969,29970,29971,29963,29959,11039,9784,4915,1792,29977,29978,29980,29980,29982,29982,29983,29981]} 1. e4 e5 2. Nf3 Nc6 3. Bb5 {[%cal Bf1b5,Bb5a4,Ba4b3][%mdl 32]} a6 4. Ba4 Nf6 5. O-O Be7 6. Re1 b5 7. Bb3 O-O 8. a4 Bb7 9. d3 d6 10. Nbd2 Nd7 11. c3 Nc5 12. axb5 axb5 13. Rxa8 Qxa8 {13...Qxa8 scores better than 13...Bxa8.} 14. Bc2 {C88: Closed Ruy Lopez: Anti-Marshall Systems.} Bf6 15. Nf1 Qa1 {[#]} 16. d4 $146 {White is slightly better.} ({Predecessor:} 16. Ne3 Na4 17. Bb3 Nc5 18. Bc2 Na4 19. Bb3 Nc5 20. Bc2 {½-½ (20) Maiorov,A-Gurin,A Russia 1991}) 16... Nd7 17. d5 Ne7 18. h4 Nc5 19. Qe2 ({White should try} 19. Ne3 $16) 19... Qa8 (19... c6 $14) 20. b4 $16 (20. Qxb5 $6 c6 21. dxc6 Ba6 $14) 20... Na4 21. Qxb5 Nxc3 22. Qc4 {[%csl LRc3,LRc7]} Ncxd5 23. exd5 Bxd5 24. Qe2 ({Inferior is} 24. Qxc7 Bxf3 25. gxf3 Rc8 $15) 24... Bxf3 25. Qxf3 ({Better is} 25. gxf3 Bxh4 26. b5) 25... Qxf3 26. gxf3 Nc6 27. Bd2 Nd4 28. Be4 Bxh4 {[%cal Od6d5]} 29. Be3 Ne6 30. Bd5 Rb8 31. Rb1 Kf8 (31... Nf4 $14 {deserves consideration.} 32. Bxf4 exf4) 32. Nd2 Bg5 33. Kf1 (33. Ba7 {seems wilder.} Rd8 34. Ne4 Nf4 35. Bc6 Be7 36. Be3) 33... Nf4 (33... Bxe3 $14 34. fxe3 Ke7) 34. Bxf4 Bxf4 {[#]} 35. Nc4 h5 36. b5 Ke7 37. Na5 {Nc6+ is the strong threat. White is more active.} Kf6 38. Kg2 g5 39. Rb2 g4 (39... Bc1 {was called for.} 40. Rb3 Bd2) 40. fxg4 $18 hxg4 41. Nb7 {aiming for Rc2.} Ke7 (41... e4 $16) 42. Rc2 Kd7 43. Be4 Ke6 44. Rxc7 f5 45. Bc2 (45. Bc6 $18 {and the rest is easy.}) 45... e4 $16 {[#]} 46. Bb3+ $1 Ke5 47. Rd7 e3 $2 {A mistake that costs the game.} (47... Kd4 $16 48. b6 (48. Nxd6 Kc3 $14) 48... Kc3) 48. fxe3 $18 ({Stronger than} 48. Nxd6 e2 $15) 48... Bxe3 49. Nxd6 f4 50. Nc4+ Ke6 51. Rd6+ Ke7 52. Rd5 Bb6 (52... Ba7 $142 53. Ne5 Rb7 54. Ng6+ Ke8 55. Nxf4 Bb8) 53. Nxb6 Rxb6 {[%mdl 4096] Endgame KRB-KR} 54. Rf5 Kd6 55. Bc4 f3+ 56. Kg3 Rb7 57. Kxg4 f2 58. Rxf2 Kc5 59. Bf1 Rg7+ 60. Kf3 Rg5 61. Rc2+ {White mates.} Kb6 62. Rc6+ Kb7 63. Ke3 Rd5 64. Bd3 {Weighted Error Value: White=0.11 (very precise) /Black=0.54} 1-0